El pensador en escena: el materialismo de Nietzsche
Uloženo v:
| Hlavní autor: | |
|---|---|
| Médium: | Kniha |
| Jazyk: | španělština |
| Vydáno: |
Valencia
Pre-Textos
2000
|
| Vydání: | 1a. ed |
| Edice: | Pre-Textos Ensayo, 483
|
| Témata: | |
| Tagy: |
Přidat tag
Žádné tagy, Buďte první, kdo vytvoří štítek k tomuto záznamu!
|
MARC
| LEADER | 00000nam a2200000 a 4500 | ||
|---|---|---|---|
| 001 | UCK4502 | ||
| 003 | CL-VaPUC | ||
| 008 | 050610e20000000SP |||||||||||||||||spa|d | ||
| 020 | |a 8481913464 | ||
| 082 | 0 | 4 | |a 193 |b SLO |2 21 |
| 100 | 0 | |a Sloterdijk, Peter |e author |9 493011 | |
| 245 | 1 | 3 | |a El pensador en escena: el materialismo de Nietzsche |
| 250 | |a 1a. ed | ||
| 300 | |a 183 p | ||
| 942 | |c BK | ||
| 945 | |d 20050610 00:00:00 |a cmena | ||
| 260 | |a Valencia |b Pre-Textos |c 2000 | ||
| 650 | 0 | |a Filosofía alemana |9 265002 | |
| 650 | 0 | |a Filosofía moderna |9 258121 | |
| 650 | 0 | |a Filosofía griega |9 265579 | |
| 583 | |a last modification |c 20050610 00:00:00 |k Rodrigo Vera | ||
| 490 | 0 | |a Pre-Textos Ensayo, 483 | |
| 999 | |c 313334 |d 313332 | ||
| 952 | |0 0 |1 0 |4 0 |6 193_000000000000000_SLO_2000 |7 0 |8 A |9 384637 |a BIBEDU |b BIBEDU |d 2019-11-22 |i 4135830 |o 193 SLO 2000 |p 4135830 |r 2019-11-22 |w 2019-11-22 |y BK |k FIL | ||